<?xml version="1.0" encoding="UTF-8"?>
<record
    xmlns:xsi="http://www.w3.org/2001/XMLSchema-instance"
    xsi:schemaLocation="http://www.loc.gov/MARC21/slim http://www.loc.gov/standards/marcxml/schema/MARC21slim.xsd"
    xmlns="http://www.loc.gov/MARC21/slim">

  <leader>01435nam a2200277 a 4500</leader>
  <controlfield tag="003">DO-SdBNP</controlfield>
  <controlfield tag="005">20220916094138.0</controlfield>
  <controlfield tag="007">ta</controlfield>
  <controlfield tag="008">220914e1997    dr ad||frf|||s001 0 spa d</controlfield>
  <datafield tag="040" ind1=" " ind2=" ">
    <subfield code="a">DO-SdBNP</subfield>
    <subfield code="b">spa</subfield>
    <subfield code="c">BNPHU</subfield>
  </datafield>
  <datafield tag="082" ind1=" " ind2="4">
    <subfield code="2">22</subfield>
    <subfield code="b">R426m</subfield>
  </datafield>
  <datafield tag="110" ind1="1" ind2=" ">
    <subfield code="9">58697</subfield>
    <subfield code="a">Rep&#xFA;blica Dominicana.</subfield>
    <subfield code="b">Ejercito Nacional</subfield>
  </datafield>
  <datafield tag="245" ind1="1" ind2="0">
    <subfield code="a">Manual de funciones y procedimientos para el uso de los recurso del Estado en el Ej&#xE9;rcito Nacional. /</subfield>
    <subfield code="c">Presentaci&#xF3;n, Andr&#xE9;s R. Apolina Disla</subfield>
  </datafield>
  <datafield tag="300" ind1=" " ind2=" ">
    <subfield code="a">196 p. :</subfield>
    <subfield code="b">il., gr&#xE1;f. :</subfield>
    <subfield code="c">27 cm.</subfield>
  </datafield>
  <datafield tag="490" ind1=" " ind2=" ">
    <subfield code="a">Colecci&#xF3;n de Publicaciones de la Jefatura de Estado Mayor del Ej&#xE9;rcito Nacional.</subfield>
  </datafield>
  <datafield tag="500" ind1=" " ind2=" ">
    <subfield code="a">La Biblioteca posee el v. 7</subfield>
  </datafield>
  <datafield tag="505" ind1=" " ind2=" ">
    <subfield code="a">v. VII. </subfield>
    <subfield code="g">Segunda Parte.</subfield>
    <subfield code="t">Breve Comentarios sobre t&#xE9;rminos presupuestarios.--</subfield>
    <subfield code="g">Tercera Parte.</subfield>
    <subfield code="t">Manejo de los recursos del Estado en el Ej&#xE9;rcito Nacional.--</subfield>
    <subfield code="g">Cuarta parte.</subfield>
    <subfield code="t">Funciones de los Departamentos de Asesor&#xED;a y servicios de Apoyo a los Comandos.--</subfield>
    <subfield code="g">Quinta parte.</subfield>
    <subfield code="t">Funciones de los Departamentos Operativos.--</subfield>
    <subfield code="t">Ap&#xE9;ndice.</subfield>
  </datafield>
  <datafield tag="590" ind1=" " ind2=" ">
    <subfield code="a">Inventariado 2022 / MF</subfield>
  </datafield>
  <datafield tag="650" ind1=" " ind2="4">
    <subfield code="9">14305</subfield>
    <subfield code="a">Ej&#xE9;rcito Nacional</subfield>
    <subfield code="x">Manuales</subfield>
    <subfield code="z">Rep&#xFA;blica Dominicana</subfield>
  </datafield>
  <datafield tag="650" ind1=" " ind2="4">
    <subfield code="9">8439</subfield>
    <subfield code="a">Procedimiento Administrativo</subfield>
    <subfield code="z">Rep&#xFA;blica Dominicana</subfield>
  </datafield>
  <datafield tag="650" ind1=" " ind2="4">
    <subfield code="9">17764</subfield>
    <subfield code="a">Funci&#xF3;n P&#xFA;blica</subfield>
    <subfield code="z">Rep&#xFA;blica Dominicana</subfield>
  </datafield>
  <datafield tag="651" ind1=" " ind2="4">
    <subfield code="9">45841</subfield>
    <subfield code="a">Rep&#xFA;blica Dominicana</subfield>
    <subfield code="v">Manuales</subfield>
    <subfield code="x">Ej&#xE9;rcito Nacional</subfield>
  </datafield>
  <datafield tag="700" ind1=" " ind2="2">
    <subfield code="a">Apolinar Disla, Andr&#xE9;s R. </subfield>
    <subfield code="e">present.</subfield>
    <subfield code="9">82362</subfield>
  </datafield>
  <datafield tag="910" ind1=" " ind2=" ">
    <subfield code="a">MFeliz</subfield>
  </datafield>
  <datafield tag="942" ind1=" " ind2=" ">
    <subfield code="2">ddc</subfield>
    <subfield code="c">LBS1</subfield>
  </datafield>
  <datafield tag="952" ind1=" " ind2=" ">
    <subfield code="0">0</subfield>
    <subfield code="1">0</subfield>
    <subfield code="2">ddc</subfield>
    <subfield code="5">1</subfield>
    <subfield code="7">0</subfield>
    <subfield code="8">PD</subfield>
    <subfield code="a">BNPHU</subfield>
    <subfield code="b">BNPHU</subfield>
    <subfield code="c">CT</subfield>
    <subfield code="d">2018-07-14</subfield>
    <subfield code="e">Donado por CERTV</subfield>
    <subfield code="l">0</subfield>
    <subfield code="o">R426m</subfield>
    <subfield code="p">2022-3941</subfield>
    <subfield code="r">2022-09-14</subfield>
    <subfield code="w">2022-09-14</subfield>
    <subfield code="y">LBS1</subfield>
  </datafield>
  <datafield tag="999" ind1=" " ind2=" ">
    <subfield code="c">52396</subfield>
    <subfield code="d">52396</subfield>
  </datafield>
</record>
